Statistics for African Geography A-Z #2

Click here to take the quiz!

General Stats

  • This quiz has been taken 366 times
    (362 since last reset)
  • The average score is 15 of 26

Answer Stats

Hint Answer % Correct
NMost populous countryNigeria
95%
CLargest national capital (pop 10.2 mil)Cairo
93%
PSão Tomé and ________Príncipe
93%
ECountry of Port Said and AswanEgypt
88%
MCountry with longest coastlineMadagascar
86%
GWhat Gold Coast became in 1957Ghana
84%
LLargest Yoruban-speaking cityLagos
81%
JNewest national capitalJuba
79%
SLeast populous countrySeychelles
68%
RHuge East African valleyGreat {Rift} Valley
66%
KKenya's tallest mountainMount {Kenya}
64%
YCameroon's 2nd largest cityYaoundé
63%
UBurkina Faso's name until 1984{Upper} Volta
63%
OFree State's prior name{Orange} Free State
59%
FCurrency of Rwanda and Burundifranc
57%
BOne of Morocco's official languagesBerber
54%
AHighest altitude (2355m / 7700 ft) capitalAddis Ababa
52%
VSmallest national capital (pop 30,000)Victoria
50%
ZPresident of South Africa since 2009Jacob {Zuma}
46%
I4th racial classification under Apartheid,
alongside Black, White and Coloured
Indian
44%
DBenin's name until 1975Dahomey
27%
TKenya/Ethiopia border lakeLake {Turkana}
19%
WNamibia gained this exclave
of South Africa in 1994
{Walvis} Bay
16%
QRegion in Egypt below sea level{Qattara} Depression
8%
HWest African season of strong windsHarmattan
7%
XDry-weather desert plant typexerophyte
3%

Score Distribution

Percentile by Number Answered

Percent of People with Each Score

Your Score History

You have not taken this quiz since the last reset